00518nam a2200181Ia 450000500170000000800410001702000150005804000180007304100080009108200210009910000180012024500550013825000120019326000380020530000240024365000250026765000440029220250111095303.0210716s1985 xx 000 0 und d a0553266926 cAIMIT LIBRARY aeng a808.83 21bLINH aLindsey, Hal. aRapture:btruth or consequences /cBy Hal Lindsey. a1st ed. aNew York :bBantam books ;c1985. a211p. ;bPBc17 cm. aClarifying the issue aPredictions and promises of the rapture